Contributions to the discipline of positive organizational scholarship (Record no. 59566)

000 -LEADER
fixed length control field 01068pab a2200169 454500
008 - FIXED-LENGTH DATA ELEMENTS--GENERAL INFORMATION
fixed length control field 180718b2004 xxu||||| |||| 00| 0 eng d
100 ## - MAIN ENTRY--PERSONAL NAME
Personal name Cameron, Kim S.
245 ## - TITLE STATEMENT
Title Contributions to the discipline of positive organizational scholarship
260 ## - PUBLICATION, DISTRIBUTION, ETC.
Date of publication, distribution, etc. 2004
300 ## - PHYSICAL DESCRIPTION
Extent p.731-39.
362 ## - DATES OF PUBLICATION AND/OR SEQUENTIAL DESIGNATION
Dates of publication and/or sequential designation Feb
520 ## - SUMMARY, ETC.
Summary, etc. Positive organizational scholarship is the study of that which is positive, flourishing, and life-giving in organizations. Positive refers to the elevating processes and outcomes in organizations. Organizational refers to the interpersonal and structural dynamics activated in and through organizations, specifically taking into account the context in which positive phenomena occur. Scholarship refers to the scientific, theoretically derived, and rigorous investigation of that which is positive in organizational settings. This article introduces this new field of study and identifies some of its key contributions. - Reproduced.
650 ## - SUBJECT ADDED ENTRY--TOPICAL TERM
Topical term or geographic name entry element Organizations
700 ## - ADDED ENTRY--PERSONAL NAME
Personal name Arran Caza
773 ## - HOST ITEM ENTRY
Main entry heading American Behavioral Scientist
909 ## -
-- 59566
Holdings
Withdrawn status Lost status Damaged status Not for loan Permanent Location Current Location Date acquired Serial Enumeration / chronology Barcode Date last seen Price effective from Koha item type
        Indian Institute of Public Administration Indian Institute of Public Administration 2018-07-19 Volume no: 47, Issue no: 6 AR60011 2018-07-19 2018-07-19 Articles

Powered by Koha